[Event "Punta del Este op 4th"]
[Site "Punta del Este"]
[Date "2015.11.14"]
[Round "3"]
[White "Fernandez Martinez, Diego"]
[Black "Gatti, Santiago"]
[Result "0-1"]
[WhiteElo "1626"]
[BlackElo "1748"]
[PlyCount "72"]
[EventDate "2015.11.13"]
[EventType "swiss"]
[EventRounds "5"]
[EventCountry "URU"]
[SourceTitle "CBM 169 Extra"]
[Source "ChessBase"]
[SourceDate "2015.12.18"]
[SourceVersion "1"]
[SourceVersionDate "2015.12.18"]
[SourceQuality "1"]

1. e4 d5 2. exd5 Qxd5 3. Nc3 Qd6 4. d4 Nf6 5. Bd3 a6 6. Nf3 e6 7. 0-0 Be7 8. Re1 Nc6 9. Ne2 0-0 10. Bf4 Qd8 11. c3 b5 12. Qc2 h6 13. Rad1 Bd6 14. Ne5 Bb7 15. Ng3 Ne7 16. Ne4 Nxe4 17. Bxe4 Bxe4 18. Qxe4 Nd5 19. Bc1 Qe7 20. f4 f5 21. Qf3 Bxe5 22. Rxe5 Qf7 23. Rde1 Rfe8 24. b3 Rad8 25. Ba3 g6 26. Bc5 Qd7 27. Rb1 Nf6 28. c4 Ne4 29. Rxe4 fxe4 30. Qxe4 Qf7 31. Rf1 bxc4 32. bxc4 Rb8 33. Qc2 Qf5 34. Qc1 Kf7 35. g3 Rb7 36. Rf2 Rb1 0-1